000 00548nam a2200169 i 4500
001 97061
003 ES-MaACL
007 t|
008 050706s1942 sp ||||1| spa d
100 1 _aManson-Bahr, Felipe H.
_976141
245 1 0 _aEnfermedades tropicales /
_cpor Felipe H. Manson-Bahr.
250 _a11ª ed.
260 _aBarcelona :
_bSalvat,
_c1942.
300 _aXVI, 966 p., lám. I-XXXIII neg. y col., 1 lám., 2 h. pleg. :
_bmap. I-VI (1), il. ;
_c25 cm.
500 _a(1) 2º, 3º, 5º y 6º pleg.
852 _aES-MaACL
_jE-49
_bR.22462
999 _c97061
_d97061